| 000 | 00481nam a2200193Ia 4500 | ||
|---|---|---|---|
| 003 | OSt | ||
| 005 | 20221220145956.0 | ||
| 008 | 210210b1929 xxu||||| |||| 00| 0 eng d | ||
| 040 | _cAL | ||
| 041 | _aeng | ||
| 082 | _a320/148 | ||
| 100 |
_aDIKSHITAR (V R Ramachandra) _967026 |
||
| 245 | _aHindu administrative institutions | ||
| 260 |
_aMadras _bUniversity of Madras _c1929 |
||
| 300 | _axxv,401 | ||
| 690 |
_aPolitical Science _967027 |
||
| 906 | _a001898 | ||
| 942 |
_2ddc _cBK |
||
| 999 |
_c117734 _d117734 |
||